000 00513pab a2200193 454500
008 180718b1997 xxu||||| |||| 00| 0 eng d
100 _aNachanc, D.M.
245 _aThe interest rate embroglio: monetary and fiscal dimensions
260 _c1997
300 _ap.1167-174
362 _a17 & 24 May
650 _aMoney
650 _aIncome distribution
650 _aFinancial institutions
700 _aHatekar, N.R.
700 _aKarnik, A.V.
773 _aEconomic and Political Weekly
909 _a34590
999 _c34590
_d34590